| 000 | 00772nam a22002177a 4500 | ||
|---|---|---|---|
| 999 |
_c5285 _d5285 |
||
| 003 | AR-CdUCM | ||
| 008 | 190312b ||||| |||| 00| 0 spa d | ||
| 040 |
_aMUNICIPALIDAD PROVINCIAL DEL CUSCO _cBIBLIOTECA MUNICIPAL DEL CUSCO |
||
| 082 |
_a985.04 / _bP78 |
||
| 100 |
_aPorras Barrenechea, Raúl _91670 |
||
| 245 |
_aLos Ideólogos de la Emancipación / _cRaúl Porras Barrenechea |
||
| 260 |
_aLima : _bMilla Batres, _c1974. |
||
| 300 |
_a212 páginas ; _c22 cm. |
||
| 505 | _aContenido: José Sánchez Carrión -- Mariano José de Arce -- Unanue amante del país ... | ||
| 650 |
_aIdeólogos _915980 |
||
| 650 |
_aEmancipación peruana _915981 |
||
| 650 |
_aHistoria del Perú _9259 |
||
| 650 |
_aHistoria republicana _95663 |
||
| 942 |
_2ddc _cLIBROS |
||
| 945 | _aLiseth | ||